Normal view
MARC view
- عيسى،إيفال مؤلف/الشافعي،أحمد حسين أحمد مترجم/منصور،رشد فام مراجع/جمل،محمد جهاد مراجع
Entry Personal Name
001 - CONTROL NUMBER
- control field: 22398
003 - CONTROL NUMBER IDENTIFIER
- control field: JO-AjAnu
005 - DATE AND TIME OF LATEST TRANSACTION
- control field: 20230606073851.0
008 - FIXED-LENGTH DATA ELEMENTS
- fixed length control field: 230606|| aca||aabn | a|a d
040 ## - CATALOGING SOURCE
- Original cataloging agency: JO-AjAnu
- Transcribing agency: JO-AjAnu
100 ## - HEADING--PERSONAL NAME
- Personal name: عيسى،إيفال مؤلف/الشافعي،أحمد حسين أحمد مترجم/منصور،رشد فام مراجع/جمل،محمد جهاد مراجع
670 ## - SOURCE DATA FOUND
- Source citation: Work cat.: (JO-AjAnu)11511: عيسى،إيفال مؤلف/الشافعي،أحمد حسين أحمد مترجم/منصور،رشد فام مراجع/جمل،محمد جهاد مراجع, author, مدخل إلى التعليم في الطفولة المبكرة=Introduction To Early Childhood Education